书目信息 |
| 题名: |
新史记
|
|
| 作者: | 奉练文 著 | |
| 分册: | ||
| 出版信息: | 武汉 华中科技大学出版社 2018 |
|
| 页数: | 343页 | |
| 开本: | 24cm | |
| 丛书名: | ||
| 单 册: | ||
| 中图分类: | K234.209 | |
| 科图分类: | ||
| 主题词: | 东汉时代--历史--通俗读物 | |
| 电子资源: | ||
| ISBN: | 978-7-5680-3899-7 | |
| 000 | 00777nam0 2200241 450 | |
| 001 | 012001003472 | |
| 005 | 20140926114740.0 | |
| 010 | @a978-7-5680-3899-7@dCNY48.00 | |
| 100 | @a20180714d2018 em y0chiy50 ea | |
| 101 | 0 | @achi |
| 102 | @aCN@b420000 | |
| 105 | @ay z 000yy | |
| 106 | @ar | |
| 200 | 1 | @a新史记@9xin shi ji@e东汉帝国衰落史@f奉练文著 |
| 210 | @a武汉@c华中科技大学出版社@d2018 | |
| 215 | @a343页@d24cm | |
| 330 | @a本文详细描写了自汉章帝始到汉献帝初平二年(公元191年)四月这一百一十多年间东汉王朝走向衰落的历程。 | |
| 517 | 1 | @a东汉帝国衰落史@9dong han di guo shuai luo shi |
| 606 | 0 | @a东汉时代@x历史@j通俗读物 |
| 690 | @aK234.209@v5 | |
| 701 | 0 | @a奉练文@9feng lian wen@4著 |
| 801 | 0 | @aCN@b上海新华@c20180901 |
| 905 | @b1159650-4@dK234.209@e87@f5 | |
| 新史记:东汉帝国衰落史/奉练文著.-武汉:华中科技大学出版社,2018 |
| 343页;24cm |
| ISBN 978-7-5680-3899-7:CNY48.00 |
| 本文详细描写了自汉章帝始到汉献帝初平二年(公元191年)四月这一百一十多年间东汉王朝走向衰落的历程。 |
| ● |
| 相关链接 |
|
|
|
|
正题名:新史记
索取号:K234.209/87
 
预约/预借
| 序号 | 登录号 | 条形码 | 馆藏地/架位号 | 状态 | 备注 |
| 1 | 1159650 | 211596502 | 第二样本阅览室/ [索取号:K234.209/87] | 在馆 | |
| 2 | 1159651 | 211596511 | 第二借阅区/ [索取号:K234.209/87] | 在馆 | |
| 3 | 1159652 | 211596520 | 第二借阅区/ [索取号:K234.209/87] | 在馆 | |
| 4 | 1159653 | 211596539 | 密集书库-史法系/ [索取号:K234.209/87] | 在馆 | |
| 5 | 1159654 | 211596548 | 第二借阅区/ [索取号:K234.209/87] | 在馆 |